000 00652cab a2200205 4500
001 WB3032-85
008 090401t1994 xxu||||| |||| 00| 0 eng d
035 _a(Sirsi) u37185
041 _aeng
245 _aMisdescription Act
260 _c1994
350 _a0
490 _aProperty Week
_v48(9) 1 September 1994, 15(1)
520 _aThe Property Misdescriptions Act has been used for the first time to successfully prosecute a housebuilder and the instigator was an estate agent.
650 _aPROPERTY MISDESCRIPTIONS ACT 1991
650 _aWILCON HOMES ANGLIA
690 _aPROPERTY LAW AND PRACTICE
942 _n0
948 _c04/03/1997
999 _c24056
_d24056